| 000 | 00857cam a22002531 4500 | ||
|---|---|---|---|
| 001 | sd 50000078 | ||
| 003 | DLC | ||
| 005 | 20260227112735.0 | ||
| 008 | 950208s1950 nyu b 000 0 eng c | ||
| 010 | _asd 50000078 | ||
| 035 | _a(OCoLC)31952940 | ||
| 040 |
_aU.S. Dept. of State. Library _cIEN _dDLC |
||
| 042 | _apremarc | ||
| 050 | 0 | 0 |
_aD410 _b.F65 vol. 25, no. 16 |
| 100 | 1 |
_aHutcheson, Harold, _d1912- |
|
| 245 | 1 | 4 | _aThe United States and world trade. |
| 260 |
_aNew York, _bForeign Policy Association, _c1950. |
||
| 300 |
_a[194]-203, [1] p. _c27 cm. |
||
| 440 | 0 |
_aForeign policy reports, _vv. 25, no. 16 |
|
| 500 | _a"The problem of the 'dollar gap,' by Harold H. Hutcheson and J.S. Hutcheson": p. [204] | ||
| 504 | _aBibliographical footnotes. | ||
| 651 | 0 |
_aUnited States _xCommercial policy. |
|
| 651 | 0 |
_aUnited States _xEconomic policy. |
|
| 999 |
_c90021 _d90021 |
||